| 000 -LEADER |
| fixed length control field |
02615cam a2200289 i 4500 |
| 003 - CONTROL NUMBER IDENTIFIER |
| control field |
OSt |
| 005 - DATE AND TIME OF LATEST TRANSACTION |
| control field |
20201209152629.0 |
| 008 - FIXED-LENGTH DATA ELEMENTS--GENERAL INFORMATION |
| fixed length control field |
150819t20162016nyua 000 0 eng |
| 010 ## - LIBRARY OF CONGRESS CONTROL NUMBER |
| LC control number |
2015032533 |
| 020 ## - INTERNATIONAL STANDARD BOOK NUMBER |
| International Standard Book Number |
9781616894061 (paperback) |
| 040 ## - CATALOGING SOURCE |
| Original cataloging agency |
DLC |
| Language of cataloging |
eng |
| Transcribing agency |
DLC |
| Description conventions |
rda |
| Modifying agency |
DLC |
| 042 ## - AUTHENTICATION CODE |
| Authentication code |
pcc |
| 050 00 - LIBRARY OF CONGRESS CALL NUMBER |
| Classification number |
NA2543.T43 |
| Item number |
I59 2015 |
| 082 00 - DEWEY DECIMAL CLASSIFICATION NUMBER |
| Classification number |
720/.47 |
| Edition number |
23 |
| 245 00 - TITLE STATEMENT |
| Title |
Interactive architecture : |
| Remainder of title |
adaptive world / |
| Statement of responsibility, etc |
Michael Fox, editor. |
| 250 ## - EDITION STATEMENT |
| Edition statement |
First edition. |
| 300 ## - PHYSICAL DESCRIPTION |
| Extent |
176 pages : |
| Other physical details |
color illustrations ; |
| Dimensions |
21 cm |
| 490 0# - SERIES STATEMENT |
| Series statement |
Architecture briefs |
| 520 ## - SUMMARY, ETC. |
| Summary, etc |
"Architecture has an inherent need to relate to human beings and to nature, the cocreators that have influenced, occupied, traveled through, and appreciated its multitudes of forms. Recent technological developments in biology, computation, cybernetics, engineering, industrial design, material fabrication, and robotics provided the impetus that allowed it to evolve beyond static functionality and become an active participant with the capacity to perceive, react to, and connect with us and with the natural world. Since the process-based guide by Michael Fox and Miles Kemp introduced interactive architecture in 2009, its prototypical potential has been tapped, and is manifest in the eighteen inventive projects featured in this follow-up Architecture Brief. Interactive Architecture: Adaptive World illustrates how the infrastructure within and around which we build our daily lives can process information, make observations, and utilize tools in order to translate natural systems and create seamlessly integrated environments. The structures within run the gamut from data-driven light installations, responsive sculptures, and performative materials to smart highways, dynamic spaces, kinetic facades, and adaptive buildings. In reference to their synergetic nature, they are chaptered according to their prevailing intents to "Exhilarate," "Communicate," "Mediate," "Evolve," and "Catalyze." Contextualized by Fox, expounded upon by the designers/architects, and illuminated by photographs, diagrams, and renderings, Interactive Architecture: Adaptive World bridges the field's antecedent visionaries, present innovations, and future possibilities"-- |
| 650 #0 - SUBJECT ADDED ENTRY--TOPICAL TERM |
| Topical term or geographic name as entry element |
Architecture and technology. |
| 650 #0 - SUBJECT ADDED ENTRY--TOPICAL TERM |
| Topical term or geographic name as entry element |
Intelligent buildings. |
| 650 #0 - SUBJECT ADDED ENTRY--TOPICAL TERM |
| Topical term or geographic name as entry element |
Architecture |
| General subdivision |
Technological innovations. |
| 700 1# - ADDED ENTRY--PERSONAL NAME |
| Personal name |
Fox, Michael, |
| Dates associated with a name |
1967 August 22- |
| Relator term |
editor. |
| 906 ## - LOCAL DATA ELEMENT F, LDF (RLIN) |
| a |
7 |
| b |
cbc |
| c |
orignew |
| d |
1 |
| e |
ecip |
| f |
20 |
| g |
y-gencatlg |
| 942 ## - ADDED ENTRY ELEMENTS (KOHA) |
| Source of classification or shelving scheme |
|
| 955 ## - COPY-LEVEL INFORMATION (RLIN) |
| Book number/undivided call number, CCAL (RLIN) |
rk11 2015-08-19 |
| Copy status, CST (RLIN) |
rk11 2015-08-19 ONIX to Dewey |
| Classification number, CCAL (RLIN) |
xn05 2016-08-23 1 copy rec'd., to CIP ver. |